000 00261nam a2200097Ia 4500
008 230508s2005 xx 000 0 und d
041 _aeng
100 _aHAJRA CHAUDHARY
245 _aELEMENTS OF WORKSHOP TECHNOLOGY VOL.-II
260 _bMEDIA PROMOTERS & PU
_c2005
999 _c337985
_d337985